Štýl vedenia ľudí v pracovnej skupine, spokojnosť a výkonnosť zamestnancov diplomová práca

Saved in:
Bibliographic Details
Main Author: Kotásková, Monika
Corporate Author: Fakulta podnikového manažmentu EU. Katedra manažmentu
Other Authors: Broniš, Peter
Format: Book
Language:Slovak
Published: Bratislava 2010
Tags: Add Tag
No Tags, Be the first to tag this record!

MARC

LEADER 00000nam a2200000 4500
001 0119782
005 20240318123558.9
041 0 |a slo 
044 |a SK 
245 1 0 |a Štýl vedenia ľudí v pracovnej skupine, spokojnosť a výkonnosť zamestnancov  |b diplomová práca  |c Monika Kotásková ; škol. Peter Broniš 
264 1 |a Bratislava  |c 2010 
100 1 |a Kotásková, Monika 
700 1 |a Broniš, Peter 
710 2 |a Fakulta podnikového manažmentu EU. Katedra manažmentu